Statistics for What is this country NOT best at? #1

Click here to take the quiz!

General Stats

  • This quiz has been taken 55 times
  • The average score is 3 of 7

Answer Stats

QuestionAnswer% Correct
India is not...The country with the lowest consumption of beer per capita
55%
Canada is not...The most reputable country
51%
France is not...Largest electricity exporter
40%
Iran is not...The country with the most air pollution
40%
Qatar does not have...Largest percentage of population being immigrants
36%
Indonesia is not...The largest producer of vanilla
34%
Denmark is not...The country with the most equal income distribution
21%

Score Distribution

Percentile by Number Answered

Percent of People with Each Score

Your Score History

You have not taken this quiz